Statystyki dla Kiedy powstały obecne granice Litwy?

Kliknij tutaj aby rozwiązać quiz!

Ogólne statystyki

  • Ten quiz został rozwiązany 5 razy
  • Średni wynik to 4 z 5

Statystyki odpowiedzi

SąsiadRok% Poprawnych
Rosja1945
100%
Polska1945
100%
Białoruś1940
75%
Łotwa1920
50%
Rosja1422
25%

Rozkład punktacji

Percentyl według liczby udzielonych odpowiedzi

Procent ludzi z każdym wynikiem

Twoja historia wyników

Nie rozwiązałeś tego quizu